00836naa a2200145 i 45000010005000000030009000050050017000140080039000310400029000701000129000992450082002286500030003107000139003407730211004799959KOSZ 00520180412115126.0180412s1986 pl f |000 0 pol cKOSZ 005/HRaKOSZ 005/HR aSOBOLEWSKI, Edward.d1982-1996bWyższa Szkoła Inżynierska - Wydział Mechaniczny,cZakład Termodynamiki i Chłodnictwa10aPomiary natężenia przepływu płynów /cEdward Sobolewski, Jerzy Baran. 0aTermodynamika techniczna. aBARAN, Jerzy.d1982 - 1985.bWyższa Szkoła Inżynierska w Koszalinie - Wydział Mechaniczny,cZakład Termodynamiki i Chłodnictwa0 iW :tMateriały pomocnicze do ćwiczeń laboratoryjnych z podstaw techniki cieplnej. Cz. 2 / pod red. Mariana Czapp. - dKoszalin : Wydaw. Uczelniane Wyższej Szkoły Inżynierskiej, 1986. -gs. 355-437